Quiz su Jetpunk - Statistics

Statistiche generali
  • Questo quiz è stato fatto 40 volte
    25 dall'ultimo reset
  • Il punteggio medio è 5 su 8
Statistiche sulle risposte
Domanda Risposta % Corretto
Animale di Jetpunk Pesce
100%
Il quiz più famoso (Paesi) Paesi del mondo
89%
Quanti quiz esistono Milioni
72%
Esiste il quiz Minecraft:tutti i mob Si
67%
Creatore più famoso Quizmaster
61%
Esiste il creatore Cuphead37? Si
56%
Esiste il creatore Jetpunk? Forse
33%
Numero dei quiz di Bandiere casuali 10
22%
Nessun quiz corrispondente trovato
Distribuzione punteggi
Percentuale di utenti per punteggio
Percentile per numero di risposta
I tuoi punteggi nel tempo
Non hai fatto questo quiz dall'ultimo reset